Entry Personal Name
Number of records used in: 1
001 - CONTROL NUMBER
003 - CONTROL NUMBER IDENTIFIER
005 - DATE AND TIME OF LATEST TRANSACTION
- control field:
20221102140244.0
008 - FIXED-LENGTH DATA ELEMENTS
- fixed length control field:
150218n| azannaabn |n aaa c
010 ## - LIBRARY OF CONGRESS CONTROL NUMBER
- LC control number:
no2015022563
035 ## - SYSTEM CONTROL NUMBER
- System control number:
(OCoLC)oca10091342
040 ## - CATALOGING SOURCE
- Original cataloging agency:
SaPrUSA
- Language of cataloging:
eng
- Description conventions:
rda
- Transcribing agency:
SaPrUSA
100 1# - HEADING--PERSONAL NAME
- Personal name:
Anitha, K. G.
372 ## - FIELD OF ACTIVITY
- Field of activity:
Microbiology
- Source of term:
lcsh
377 ## - ASSOCIATED LANGUAGE
670 ## - SOURCE DATA FOUND
- Source citation:
Agricultural and industrial microbiology, 2012:
- Information found:
title page (Dr. K.G. Anitha)
670 ## - SOURCE DATA FOUND
- Source citation:
OCLC, Feb. 5, 2015
- Information found:
(hdgs.: Anitha, K. G.; Anitha, K.; usage: K.G. Anitha)